Stati sopra o sotto l'Equatore? - Quiz n°1 - Statistics

Statistiche generali
  • Questo quiz è stato fatto 53 volte
  • Il punteggio medio è 8 su 10
Statistiche sulle risposte
Hint Risposta % Corretto
Ciad Nord dell'Equatore
93%
Messico Nord dell'Equatore
93%
Paraguay Sud dell'Equatore
93%
Giamaica Nord dell'Equatore
91%
Namibia Sud dell'Equatore
89%
Liberia Nord dell'Equatore
85%
Oman Nord dell'Equatore
83%
Venezuela Nord dell'Equatore
78%
Papua Nuova Guinea Sud dell'Equatore
72%
Thailandia Nord dell'Equatore
70%
Nessun quiz corrispondente trovato
Distribuzione punteggi
Percentuale di utenti per punteggio
Percentile per numero di risposta
I tuoi punteggi nel tempo
Non hai fatto questo quiz